Taylor Swift Track 21s - Statistics

General Stats
  • This quiz has been taken 38 times
    28 since last reset
  • The average score is 5 of 6
Answer Stats
Album Song % Correct
Speak Now (Taylor's Version) Foolish One
90%
1989 (Taylor's Version) Is It Over Now?
85%
THE TORTURED POETS DEPARTMENT: THE ANTHOLOGY How Did It End?
80%
Red (Taylor's Version) Ronan
80%
Midnights (The Til Dawn Edition) Hits Different
75%
Fearless (Taylor's Version) You All Over Me
70%
No matching quizzes found
Score Distribution
Percent of People with Each Score
Percentile by Number Answered
Your Score History
You have not taken this quiz since the last reset